We'll never forget you, Roberto Clemente / (Record no. 4230)

MARC details
000 -LEADER
fixed length control field 01603cam a22004333a 4500
001 - CONTROL NUMBER
control field 4230
003 - CONTROL NUMBER IDENTIFIER
control field FISKH
005 - DATE AND TIME OF LATEST TRANSACTION
control field 20240705113007.0
008 - FIXED-LENGTH DATA ELEMENTS--GENERAL INFORMATION
fixed length control field 970109s1996 nyuac j 000 0beng d
010 ## - LIBRARY OF CONGRESS CONTROL NUMBER
LC control number 97810296
020 ## - INTERNATIONAL STANDARD BOOK NUMBER
International Standard Book Number 0590688529
020 ## - INTERNATIONAL STANDARD BOOK NUMBER
International Standard Book Number 0590688812
020 ## - INTERNATIONAL STANDARD BOOK NUMBER
International Standard Book Number 9780590688819
035 ## - SYSTEM CONTROL NUMBER
System control number (OCoLC)ocm36180657
040 ## - CATALOGING SOURCE
Original cataloging agency PBE
Transcribing agency PBE
Modifying agency SPP
-- OHI
-- CPL
-- OCL
-- DLC
Language of cataloging eng
041 0# - LANGUAGE CODE
Language code of text/sound track or separate title engspa
050 ## - LIBRARY OF CONGRESS CALL NUMBER
Classification number E57
082 ## - DEWEY DECIMAL CLASSIFICATION NUMBER
Classification number 796.357092
100 1# - MAIN ENTRY--PERSONAL NAME
Personal name Engel, Trudie.
245 10 - TITLE STATEMENT
Title We'll never forget you, Roberto Clemente /
Statement of responsibility, etc. by Trudie Engel.
260 ## - PUBLICATION, DISTRIBUTION, ETC.
Place of publication, distribution, etc. New York :
Name of publisher, distributor, etc. Scholastic,
Date of publication, distribution, etc. 1996.
300 ## - PHYSICAL DESCRIPTION
Extent 106 pages :
Other physical details illustrations ;
Dimensions 20 cm
440 #0 - SERIES STATEMENT/ADDED ENTRY--TITLE
Title Scholastic biography
500 ## - GENERAL NOTE
General note Has some Spanish text.
505 ## - FORMATTED CONTENTS NOTE
Formatted contents note R<br/>
520 ## - SUMMARY, ETC.
Summary, etc. Traces the baseball career of the Puerto Rican who, though his life was cut short by a tragic accident, will always be remembered as an outstanding athlete and humanitarian, and the first Latin-American player to be voted to the Hall of Fame.
521 0# - TARGET AUDIENCE NOTE
Target audience note 680<br/>
Source Lexile<br/>
521 1# - TARGET AUDIENCE NOTE
Target audience note R<br/>
Source Raz-Plus<br/>
600 10 - SUBJECT ADDED ENTRY--PERSONAL NAME
Personal name Clemente, Roberto,
Dates associated with a name 1934-1972
Form subdivision Juvenile literature.
600 10 - SUBJECT ADDED ENTRY--PERSONAL NAME
Personal name Clemente, Roberto,
Dates associated with a name 1934-1972.
610 20 - SUBJECT ADDED ENTRY--CORPORATE NAME
Corporate name or jurisdiction name as entry element Pittsburgh Pirates (Baseball team)
Form subdivision Juvenile literature.
650 #0 - SUBJECT ADDED ENTRY--TOPICAL TERM
Topical term or geographic name entry element Baseball players
Geographic subdivision United States
Form subdivision Biography
-- Juvenile literature.
650 #0 - SUBJECT ADDED ENTRY--TOPICAL TERM
Topical term or geographic name entry element Puerto Ricans
Geographic subdivision United States
Form subdivision Biography
-- Juvenile literature.
650 #0 - SUBJECT ADDED ENTRY--TOPICAL TERM
Topical term or geographic name entry element Baseball players.
650 #0 - SUBJECT ADDED ENTRY--TOPICAL TERM
Topical term or geographic name entry element Puerto Ricans
Form subdivision Biography.
906 ## - LOCAL DATA ELEMENT F, LDF (RLIN)
a 7
b cbc
c copycat
d 2
e ncip
f 19
g y-genrareb
942 ## - ADDED ENTRY ELEMENTS (KOHA)
Source of classification or shelving scheme Dewey Decimal Classification
Koha item type Books
Suppress in OPAC No
Holdings
Withdrawn status Lost status Source of classification or shelving scheme Damaged status Not for loan Collection Home library Current library Shelving location Date acquired Total Checkouts Full call number Barcode Date last seen Price effective from Koha item type
    Dewey Decimal Classification     Non-Fiction Footprints International School Library Network Toul Kork Campus Footprints International School Library Network Toul Kork Campus TK Primary Library Room(4th Floor), Bookcase 5&6, Shelves 33-56, Orange Books 07/05/2024   ENG 796.357092 E57 FISTK00433 07/05/2024 07/05/2024 Books